000 00988nam a22003257a 4500
001 BR7801406
003 BR-BrBNA
005 20230928085538.0
007 ta
008 230509b bl.||||| |||| 00| 0 por d
040 _aBR-BrBNA
_bpor
_cBiblioteca Nacional de Agricultura
041 _a(Por)
072 _aL10
_b5213
090 _ 5213 BR7801406
100 1 _aEuclides Filho, K.
110 1 _aUniversidade Federal de Vicosa, MG (Brasil)
_0Tese (Magister Scientiae)
245 1 _aEstimativas de parametros geneticos e fenotipos de pesos e ganhos de peso em bezerros nelore, no periodo de aleitamento
260 3 _aVicosa, MG (Brasil):
_c1977.
300 _a60 p.
500 _a19 tables; Bibliography p. 36-43 (77 ref.); Summary (Por)
650 _aGenetica animal
650 _aGado Nelore
650 _aBezerro
650 _aPeso
650 _aAleitamento
650 _aFenotipo
650 _aGanho de peso
909 _a202309
_bLucia
_c55
_dLucia Elande
942 _cBK
999 _c25014
_d25014